| 000 | 00418nam a2200109Ia 4500 | ||
|---|---|---|---|
| 008 | 160909s9999 xx 000 0 und d | ||
| 100 | _aAdanri, Adebayo A. | ||
| 245 | 4 | _aThe Relationship Between Nigerian Local Government Administrative Leadership Styles and Organization Outcomes | |
| 260 |
_bWalden University. _c2016 |
||
| 650 | _aENTREPRENEURSHIP | ||
| 856 | _uhttp://pqdtopen.proquest.com/doc/1803939357.html?FMT=ABS | ||
| 999 |
_c304465 _d304465 |
||